000 01873nam0a2200337 i 4500
001 RU\NLR\BIBL_A\010507607
005 20260408081322.0
010 _a9785850945497
_9100
021 _aRU
_b2014-59728
_93622
035 _a(NILC)RuMoRGB-007534884
035 _a(NLR Aleph) 010507607
090 _a10163271
_c10163271
100 _a20141022d2014 u y0rusy50 ca
101 0 _arus
102 _aRU
105 _ay|||j|||000yy
200 1 _aИзучение Земли в естествознании
_eучебное пособие
_fМинобрнауки России, Федеральное гос. образовательное бюджетное учреждение высш. проф. образования "Амурский гуманитарно-пед. гос. ун-т" (ФГБОУ ВПО "АмГПГУ")
_g[сост.: Е. В. Зимина, И. А. Кукушкин]
210 _aКомсомольск-на-Амуре
_cИзд-во АмГПГУ
_d2014
215 _a148 с.
_cил.
_d21
320 _aБиблиогр.: с. 144-148 и в тексте
606 1 _aЕстествознание
_jУчебные издания для высших учебных заведений
_91049255
_3RU\NLR\AUTH\6687283
607 _aЗемля, планета
_jУчебные издания для высших учебных заведений
_xЭволюция
_92281220
_3RU\NLR\AUTH\661366734
686 1 _aБ.я73
686 1 _aД43я73
702 1 _aЗимина
_bЕ. В.
_gЕлена Викторовна
_4220
712 0 2 _4570
_aАмурский гуманитарно-педагогический государственный университет
_cКомсомольск-на-Амуре
_3RU\NLR\AUTH\8810119930
_9738357
801 0 _aRU
_bРГБ
_c20140814
_gRCR
942 _cBOOK
980 _aNBR